000 00437nam a2200169 a 4500
001 1767587676698
003 YourLibrary
005 20260105104546.0
008 260105s2000##################000#0#eng##
020 _a9780070402157
082 0 4 _a300
_bGUL
100 1 _aP, Gulati,
_eauthor.
245 1 0 _aSocial Studies,4E :
260 _bTata McGraw-Hill Education,
_c2000.
942 _cENGLISH
040 _aYourLibrary
_beng
_cYourLibrary
999 _c607269
_d607269